Countries of West Africa - Statistics

General Stats
  • This quiz has been taken 166 times
  • The average score is 13 of 16
Answers on the Map
Answers color-coded by a green-red scale on the quiz's map according to % correct below.
 
Answer Stats
Answer % Correct
Niger
95%
Nigeria
92%
Mali
91%
Mauritania
87%
Ghana
86%
Ivory Coast
86%
Benin
85%
Burkina Faso
85%
Senegal
85%
Guinea
82%
Togo
81%
Gambia
79%
Liberia
76%
Sierra Leone
74%
Cape Verde
64%
Guinea-Bassau
12%
No matching quizzes found
Score Distribution
Percent of People with Each Score
Percentile by Number Answered
Your Score History
You have not taken this quiz